[Event "LTU-chT (Women)"]
[Site "Lithuania"]
[Date "2023.04.23"]
[Round "6"]
[White "Ozhaiska, Yaryna"]
[Black "Rudzinskaite, Ula"]
[Result "1-0"]
[WhiteElo "1462"]
[BlackElo "1366"]
[PlyCount "95"]
[EventDate "2023.03.04"]
[EventType "team-swiss"]
[EventRounds "6"]
[EventCountry "LTU"]
[SourceTitle "EXT 2024"]
[Source "ChessBase"]
[SourceDate "2023.10.10"]
[SourceVersion "1"]
[SourceVersionDate "2023.10.10"]
[SourceQuality "1"]
[WhiteTeam "Vilnius Tauras (W)"]
[BlackTeam "Vilnius Juoda Balta (W)"]
[WhiteTeamCountry "LTU"]
[BlackTeamCountry "LTU"]

1. e4 e6 2. d4 d5 3. Nc3 Nf6 4. e5 Nfd7 5. f4 a6 6. Nf3 c5 7. Be3 Nc6 8. Qd2 Be7 9. dxc5 Bxc5 10. Be2 Bxe3 11. Qxe3 Qb6 12. Qxb6 Nxb6 13. b3 Bd7 14. a4 Rc8 15. Na2 a5 16. 0-0 Ne7 17. Nd4 0-0 18. Rf3 Nc6 19. Nb5 Ne7 20. Nd4 Nc6 21. Nb5 Ne7 22. c3 Bxb5 23. Bxb5 Rc7 24. Nc1 Nd7 25. Bxd7 Rxd7 26. Ne2 Nf5 27. g4 Ne7 28. Nd4 h6 29. f5 exf5 30. gxf5 Nc6 31. Nxc6 bxc6 32. b4 Ra7 33. Kf2 Rfa8 34. b5 cxb5 35. axb5 Rb7 36. Rg3 Rxb5 37. Rag1 Rb2+ 38. Ke3 g6 39. fxg6 fxg6 40. Rxg6+ Kh7 41. Rg7+ Kh8 42. e6 Re8 43. e7 Rb7 44. Rg8+ Rxg8 45. Rxg8+ Kxg8 46. e8Q+ Kg7 47. Qe5+ Kh7 48. Qxd5 1-0

[Event "LTU-chT (Women)"]
[Site "Lithuania"]
[Date "2023.04.22"]
[Round "4"]
[White "Jakaityte, Ruta"]
[Black "Ozhaiska, Yaryna"]
[Result "1/2-1/2"]
[WhiteElo "1957"]
[BlackElo "1462"]
[PlyCount "108"]
[EventDate "2023.03.04"]
[EventType "team-swiss"]
[EventRounds "6"]
[EventCountry "LTU"]
[SourceTitle "EXT 2024"]
[Source "ChessBase"]
[SourceDate "2023.10.10"]
[SourceVersion "1"]
[SourceVersionDate "2023.10.10"]
[SourceQuality "1"]
[WhiteTeam "Panevezys (W)"]
[BlackTeam "Vilnius Tauras (W)"]
[WhiteTeamCountry "LTU"]
[BlackTeamCountry "LTU"]

1. e4 c5 2. Nf3 d6 3. c4 Nc6 4. d4 cxd4 5. Nxd4 Nf6 6. Nc3 g6 7. Bg5 Bg7 8. Nxc6 bxc6 9. Qd2 Rb8 10. Bd3 0-0 11. 0-0 Qb6 12. Rab1 a5 13. Be3 Qc7 14. Bh6 Bxh6 15. Qxh6 Ng4 16. Qh4 Ne5 17. Be2 Ba6 18. b3 e6 19. Kh1 d5 20. f4 d4 21. Na4 Nd7 22. Rf3 Qd8 23. Qf2 c5 24. f5 exf5 25. exf5 Bb7 26. Rg3 Be4 27. Rf1 Kh8 28. Bg4 Bc6 29. Nb2 Nf6 30. Qf4 Ne4 31. Rh3 Qg5 32. Nd3 Qxf4 33. Rxf4 Rfe8 34. fxg6 fxg6 35. Kg1 a4 36. Bf3 axb3 37. axb3 Rxb3 38. Bxe4 Bxe4 39. Nxc5 Rb1+ 40. Rf1 Rxf1+ 41. Kxf1 Bf5 42. Rh4 Rc8 43. Nb3 Rxc4 44. Rxd4 Rxd4 45. Nxd4 Bd3+ 46. Kf2 Kg7 47. Ke3 Ba6 48. Kf4 Kf6 49. h4 h6 50. g4 g5+ 51. hxg5+ hxg5+ 52. Ke4 Bb7+ 53. Ke3 Bc8 54. Kf3 Bxg4+ 1/2-1/2